logo

Bir Sreshtho Munshi Abdur Rouf Library
Jhenaidah Cadet College

The siege of Krishnapur : (Record no. 4865)

MARC details
000 -LEADER
fixed length control field 00771nam a2200289 a 4500
001 - CONTROL NUMBER
JCCL Control Number 4865
003 - CONTROL NUMBER IDENTIFIER
JCCL marc code BD-JhCC
005 - DATE AND TIME OF LATEST TRANSACTION
control field 20191104134007.0
008 - FIXED-LENGTH DATA ELEMENTS--GENERAL INFORMATION
fixed length control field 860526r19851973enk | |||| ||eng||
020 ## - INTERNATIONAL STANDARD BOOK NUMBER
International Standard Book Number 0006541178
020 ## - INTERNATIONAL STANDARD BOOK NUMBER
International Standard Book Number 1857990811
020 ## - INTERNATIONAL STANDARD BOOK NUMBER
International Standard Book Number 9781857990812
035 ## - SYSTEM CONTROL NUMBER
system control number CONN426715
035 ## - SYSTEM CONTROL NUMBER
system control number (BD-JhCC)4865
035 ## - SYSTEM CONTROL NUMBER
system control number 705546
040 ## - CATALOGING SOURCE
Original cataloging agency BD-JhCC
Modifying agency BD-JhCC
041 ## - LANGUAGE CODE
Language code of Book eng
082 ## - DEWEY DECIMAL CLASSIFICATION NUMBER
DDC Edition number 23
Classification number 823.914
Author mark and Year FAR 1973
100 1# - MAIN ENTRY--PERSONAL NAME
Personal name Farrell, J. G.
Fuller form of name (James Gordon),
Dates associated with a name 1935-1979.
245 14 - TITLE STATEMENT
Title The siege of Krishnapur :
Remainder of title a novel /
Statement of responsibility, etc J. G. Farrell.
260 ## - PUBLICATION, DISTRIBUTION, ETC. (IMPRINT)
Place of publication, distribution, etc London :
Name of publisher, distributor, etc Fontana,
Date of publication, distribution, etc 1985, c1973.
300 ## - PHYSICAL DESCRIPTION
Pagination 314p ;
Dimensions 20cm.
490 0# - SERIES STATEMENT
Series statement Flamingo
650 ## - SUBJECT ADDED ENTRY--TOPICAL TERM
Topical term or geographic name as entry element English fiction
650 ## - SUBJECT ADDED ENTRY--TOPICAL TERM
Topical term or geographic name as entry element Sepoy Rebellion (India : 1857-1858)
942 ## - ADDED ENTRY ELEMENTS (KOHA)
Source of classification or shelving scheme Dewey Decimal Classification
Koha item type Books
Koha issues (borrowed), all copies 1
Holdings
Source of classification or shelving scheme Damaged status Not for loan Home library Current library Shelving location Date of accession Source of acquisition Cost, normal purchase price Total Checkouts Total Renewals Full call number Barcode Date last seen Date checked out Copy number Koha item type
Dewey Decimal Classification     JCC Rouf Library JCC Rouf Library General Stacks 12/04/2017 Stowe School Library 7.00 2   823.914 FAR 1973 6894 05/15/2023 05/11/2023 C-1 Books

JCC Library | Contacts | JCC Home

Last Update on 23 September 2017
Copyright @ 2017-2020 JCC Rouf Library
Rouf Library, Jhenidah Cadet College (JCC), Bangladesh